Marketing bojových športov a bojových umení

Aplikácia teórie marketingu a marketingu športu na segment bojového umenia so zameraním na Taekwon-Do, skúmanie postojov spotrebiteľov a ich vnímania bojových športov so zameraním na Taekwon-Do. Identifikovanie konkurenčnej výhody bojového umenia Taekwon-Dona na základe teórie marketingu športu a st...

Descrizione completa

Salvato in:
Dettagli Bibliografici
Autore principale: Čvirik, Marián, 1992-
Altri autori: Ölveczká, Diana
Natura: Capitolo di libro
Lingua:slovacco
Soggetti:
Tags: Aggiungi Tag
Nessun Tag, puoi essere il primo ad aggiungerne!!

MARC

LEADER 00000naa a2200000 4500
001 0271163
005 20240502074247.7
041 0 |a slo 
044 |a SK 
245 1 0 |a Marketing bojových športov a bojových umení  |c Marián Čvirik, Diana Ölveczká 
520 |a Aplikácia teórie marketingu a marketingu športu na segment bojového umenia so zameraním na Taekwon-Do, skúmanie postojov spotrebiteľov a ich vnímania bojových športov so zameraním na Taekwon-Do. Identifikovanie konkurenčnej výhody bojového umenia Taekwon-Dona na základe teórie marketingu športu a strategického marketingu. 
610 2 0 |a marketing 
610 2 0 |a šport 
610 2 0 |a umenie 
610 2 0 |a správanie spotrebiteľa 
100 1 |a Čvirik, Marián, 1992- 
700 1 |a Ölveczká, Diana